=LDR 00000nam 2200000 4500 =001 INLIS000000000019862 =005 20130612114858 =008 ***********************************Ind** =035 ##$$0010-061300000019862 =041 ##$$a Ind =082 ##$$a 828.83 =090 ##$$a 828.83, Far t =100 ##$$a Farre, Rowena =245 ##$$a A. Time from the world, Rowena Farre =260 ##$$a 1962 $b London =300 ##$$a 190 hlm, 31 cm =650 ##$$a Kesusastraan Inggris-Penulisan =850 ##$$a NBPNMAT